Relacje cen detalicznych Glówne kierunki badan

Enregistré dans:
Détails bibliographiques
Format: Livre
Langue:polonais
anglais
Publié: Lódz Wydawnictwo Uniwersytetu Lódzkiego 1991
Édition:1. wyd.
Collection:Folia Oeconomica 109
Sujets:
Tags: Ajouter un tag
Pas de tags, Soyez le premier à ajouter un tag!

MARC

LEADER 00000nam a2200000 4500
001 c014150
005 20221206114914.9
041 0 |a pol 
041 0 |a eng 
044 |a PL 
245 1 0 |a Relacje cen detalicznych  |b Glówne kierunki badan 
250 |a 1. wyd. 
264 1 |a Lódz  |b Wydawnictwo Uniwersytetu Lódzkiego  |c 1991 
300 |a 81 s. 
490 1 |a Folia Oeconomica  |v 109 
830 0 |a Folia Oeconomica  |v 109 
610 2 0 |a ceny 
610 2 0 |a ceny maloobchodné 
610 2 0 |a relácie cenové 
610 2 0 |a metódy štatistické 
610 2 0 |a výskum